MLB 2024 Silver Sluggers - Statistics

General Stats
  • This quiz has been taken 66 times
  • The average score is 11 of 22
Answer Stats
Position Player % Correct
OF Aaron Judge
94%
DH Shohei Ohtani
92%
SS Bobby Witt Jr.
71%
OF Juan Soto
71%
UT Mookie Betts
65%
Team New York Yankees
65%
Team Los Angeles Dodgers
63%
C William Contreras
60%
1B Vladimir Guerrero Jr.
56%
1B Bryce Harper
48%
2B Jose Altuve
48%
3B José Ramírez
48%
SS Francisco Lindor
46%
2B Ketel Marte
44%
3B Manny Machado
42%
OF Anthony Santander
40%
OF Jurickson Profar
38%
C Salvador Pérez
38%
OF Jackson Merrill
29%
UT Josh Smith
29%
OF Teoscar Hernández
29%
DH Brent Rooker
17%
No matching quizzes found
Score Distribution
Percent of People with Each Score
Percentile by Number Answered
Your Score History
You have not taken this quiz